Enric Morera : assaig biogràfic / per Joaquim Pena assaig biogràfic / per Joaquim Pena
Descripción Física:
55 p., 6 làm. ; 17'5 cm
Colección:
Estudis ; 17
Materias:
Morera, Enric -- Biografia
MARC
| LEADER | 00000nam a2200000Ia 4500 | ||
|---|---|---|---|
| 001 | 8361 | ||
| 003 | BGR | ||
| 005 | 20260324175214.0 | ||
| 008 | 160829s1937 xx 000 0 cat d | ||
| 080 | |a B-1-248 | ||
| 100 | |a Pena, Joaquim |9 20222 | ||
| 245 | |a Enric Morera : |b assaig biogràfic / per Joaquim Pena | ||
| 260 | |a Barcelona : |b Institució del Teatre, |c 1937 | ||
| 300 | |a 55 p., 6 làm. ; |c 17'5 cm | ||
| 490 | |a Estudis ; 17 | ||
| 650 | |a Morera, Enric |x Biografia |9 20223 | ||
| 710 | 1 | |a Institut del Teatre (Barcelona, Catalunya) |9 52662 | |
| 901 | |a Arxiu | ||
| 942 | |n 1 |2 udc |c MON | ||
| 952 | |0 0 |1 0 |4 0 |6 B1248 |7 1 |9 41497 |a Arxiu |b Arxiu |d 2016-12-01 |l 0 |o B-1-248 |p 8361 |r 2016-12-01 00:00:00 |w 2016-12-01 |y ARXIU | ||
| 999 | |c 43305 |d 43305 | ||